Vainqueurs du Master 1000 de Miami - Statistiques

Statistiques générales
  • Ce quiz a été pris 32 fois
  • Le résultat moyen est 26 sur 34
Statistiques - réponses
Champions % Correct
2016 Djokovic
100%
2015 Djokovic
100%
2014 Djokovic
100%
2012 Djokovic
100%
2011 Djokovic
100%
2007 Djokovic
100%
2019 Federer
100%
2017 Federer
100%
2006 Federer
100%
2005 Federer
100%
2022 Alcaraz
93%
2024 Sinner
93%
2003 Agassi
81%
2002 Agassi
81%
2001 Agassi
81%
1996 Agassi
81%
1995 Agassi
81%
1990 Agassi
81%
2023 Medvedev
81%
2000 Sampras
78%
1994 Sampras
78%
1993 Sampras
78%
2013 Murray
70%
2009 Murray
70%
2010 Roddick
63%
2004 Roddick
63%
2018 Isner
56%
1991 Courier
52%
2008 Davydenko
48%
2021 Hurkacz
44%
1992 Chang
41%
1998 Rios
33%
1997 Muster
26%
1999 Krajicek
22%
Aucun quiz correspondant
Distribution des résultats
% des personnes avec chaque résultat
Percentile par nombre de réponses
Votre historique - résultats
Vous n’avez pas pris ce quiz